عرض عادي
عرض مارك
- أميركا اللاتينية
دخول Geographic Name
001 - CONTROL NUMBER
- control field: 28789
003 - CONTROL NUMBER IDENTIFIER
- control field: AE-AdECS
005 - DATE AND TIME OF LATEST TRANSACTION
- control field: 20260420075839.0
008 - FIXED-LENGTH DATA ELEMENTS
- fixed length control field: 260420|| aca||aabn | a|a d
040 ## - CATALOGING SOURCE
- Original cataloging agency: AE-AdECS
- Transcribing agency: AE-AdECS
151 ## - HEADING--GEOGRAPHIC NAME
- Geographic name: أميركا اللاتينية
- General subdivision: تاريخ
670 ## - SOURCE DATA FOUND
- Source citation: Work cat.: (AE-AdECS)294768: عربيد، مسعد، مؤلف. 28787, ماذا تبقى من غيفارا ؟ /
